[Event "11. Europa ch 2010 Femenino"]
[Site "Rijeka CRO"]
[Date "2010.03.09"]
[Round "4.25"]
[White "Vojinovic, Jovana"]
[Black "Milliet, Sophie"]
[Result "1-0"]
[WhiteElo "2296"]
[BlackElo "2391"]
[PlyCount "135"]
[EventDate "2010.03.06"]
[EventType "swiss"]
[EventRounds "11"]
[EventCountry "CRO"]
[Source "lmi"]
[SourceDate "2010.03.06"]

1. Nf3 c5 2. c4 Nc6 3. Nc3 e5 4. e3 Nf6 5. Be2 d5 6. d4 cxd4 7. exd4 e4 8. Ne5
dxc4 9. Bxc4 Nxe5 10. dxe5 Qxd1+ 11. Nxd1 Nd7 12. Bf4 Bb4+ 13. Nc3 O-O 14. O-O
Nb6 15. Bb3 Bf5 16. Nb5 Bd7 17. Nc7 Rad8 18. e6 fxe6 19. Nxe6 Bxe6 20. Bxe6+
Kh8 21. Be3 Na4 22. b3 Nc5 23. Bc4 b6 24. Rad1 h6 25. h3 Kh7 26. Bd5 Kh8 27.
Bc6 Rc8 28. Bxc5 Bxc5 29. Bxe4 Rcd8 30. Bf3 Bb4 31. Rxd8 Rxd8 32. Rc1 Bc5 33.
Rc2 g5 34. g3 a5 35. Kg2 Kg7 36. Re2 Rd7 37. Bg4 Re7 38. Rd2 Kf6 39. Be2 Bb4
40. Rc2 Bc5 41. Bc4 Re1 42. Rd2 Ke7 43. Kf3 Kf6 44. a4 Re5 45. Kg4 Rf5 46. f3
h5+ 47. Kxh5 Rxf3 48. Kg4 Rc3 49. Rd5 Be3 50. Rf5+ Kg6 51. Bf7+ Kg7 52. Kh5 Rc6
53. Bc4 Rh6+ 54. Kg4 Rd6 55. Re5 Bd2 56. Re8 Bc1 57. Rg8+ Kf6 58. Kh5 Ke5 59.
Re8+ Kd4 60. Kg4 Kc3 61. Re6 Rd4+ 62. Kf3 b5 63. axb5 a4 64. b6 axb3 65. b7 Rd8
66. Bxb3 Rd3+ 67. Ke2 Rd2+ 68. Ke1 1-0

[Event "11. Europa ch 2010 Femenino"]
[Site "Rijeka CRO"]
[Date "2010.03.09"]
[Round "4.26"]
[White "Savina, Anastasia"]
[Black "Lomako, Anna"]
[Result "1-0"]
[WhiteElo "2391"]
[BlackElo "2258"]
[PlyCount "57"]
[EventDate "2010.03.06"]
[EventType "swiss"]
[EventRounds "11"]
[EventCountry "CRO"]
[Source "lmi"]
[SourceDate "2010.03.06"]

1. d4 d5 2. c4 e5 3. dxe5 d4 4. Nf3 Nc6 5. g3 Nge7 6. Bg2 Ng6 7. O-O Ngxe5 8.
Nxe5 Nxe5 9. Na3 a5 10. Nb5 Bc5 11. Bf4 f6 12. e3 Bg4 13. Qa4 Nf3+ 14. Bxf3
Bxf3 15. Nxd4+ Bc6 16. Nxc6 Qd7 17. Rad1 Qxc6 18. Qxc6+ bxc6 19. Bxc7 Ke7 20.
g4 Ra7 21. Bg3 Rb7 22. Rd2 Rb4 23. b3 a4 24. Rfd1 a3 25. Rd7+ Ke6 26. Bd6 Bxd6
27. R1xd6+ Ke5 28. f4+ Ke4 29. Kf2 1-0

[Event "11. Europa ch 2010 Femenino"]
[Site "Rijeka CRO"]
[Date "2010.03.09"]
[Round "4.27"]
[White "Dolukhanova, Evgeniya"]
[Black "Zdebskaja, Natalia"]
[Result "1/2-1/2"]
[WhiteElo "2297"]
[BlackElo "2390"]
[PlyCount "52"]
[EventDate "2010.03.06"]
[EventType "swiss"]
[EventRounds "11"]
[EventCountry "CRO"]
[Source "lmi"]
[SourceDate "2010.03.06"]

1. Nf3 c5 2. g3 Nc6 3. Bg2 g6 4. O-O Bg7 5. d3 d6 6. e4 e5 7. Nc3 Nge7 8. Bg5
h6 9. Be3 Be6 10. Qd2 Qd7 11. Ne1 Bh3 12. Rb1 Bxg2 13. Nxg2 b6 14. a3 d5 15.
exd5 Nxd5 16. Nxd5 Qxd5 17. b4 Nd4 18. Bxd4 cxd4 19. f4 O-O 20. f5 Qd6 21. fxg6
fxg6 22. Nh4 Rac8 23. Qe2 Kh7 24. Rxf8 Rxf8 25. Rf1 Rxf1+ 26. Kxf1 Qf6+ 1/2-1/2

[Event "11. Europa ch 2010 Femenino"]
[Site "Rijeka CRO"]
[Date "2010.03.09"]
[Round "4.29"]
[White "Mamedjarova, Turkan"]
[Black "Majdan, Joanna"]
[Result "1/2-1/2"]
[WhiteElo "2269"]
[BlackElo "2364"]
[PlyCount "47"]
[EventDate "2010.03.06"]
[EventType "swiss"]
[EventRounds "11"]
[EventCountry "CRO"]
[Source "lmi"]
[SourceDate "2010.03.06"]

1. f4 g6 2. Nf3 Bg7 3. e3 d6 4. Be2 c5 5. O-O Nf6 6. d3 Nc6 7. c3 O-O 8. e4 c4
9. Nbd2 cxd3 10. Bxd3 d5 11. e5 Ng4 12. Qe2 f6 13. e6 Qd6 14. f5 gxf5 15. Bxf5
Nh6 16. Nh4 Qe5 17. Qd3 Nxf5 18. Nxf5 Bxe6 19. Nxg7 Kxg7 20. Nf3 Qh5 21. Bf4
Rad8 22. Nd4 Nxd4 23. Qxd4 Bf5 24. Qxa7 1/2-1/2

[Event "11. Europa ch 2010 Femenino"]
[Site "Rijeka CRO"]
[Date "2010.03.09"]
[Round "4.30"]
[White "Ziaziulkina, Nastassia"]
[Black "Motoc, Alina"]
[Result "1-0"]
[WhiteElo "2188"]
[BlackElo "2348"]
[PlyCount "63"]
[EventDate "2010.03.06"]
[EventType "swiss"]
[EventRounds "11"]
[EventCountry "CRO"]
[Source "lmi"]
[SourceDate "2010.03.06"]

1. e4 c5 2. Nf3 d6 3. d4 cxd4 4. Nxd4 Nf6 5. Nc3 a6 6. Bg5 Nbd7 7. f4 Qc7 8.
Qe2 e5 9. Nf5 h6 10. Bxf6 Nxf6 11. O-O-O Bxf5 12. exf5 O-O-O 13. Qc4 b5 14. Qb3
d5 15. Nxd5 Nxd5 16. Rxd5 Bc5 17. Be2 exf4 18. a4 Qe7 19. Bd3 Kc7 20. axb5 axb5
21. Rxd8 Rxd8 22. Qxb5 Rb8 23. Qa5+ Rb6 24. Rd1 Qe5 25. Qa2 Rb8 26. c3 Rb7 27.
Kc2 Be3 28. Qa4 f3 29. Be4 Bg5 30. Bxb7 Kxb7 31. Rd7+ Kc8 32. Qc6+ 1-0

[Event "11. Europa ch 2010 Femenino"]
[Site "Rijeka CRO"]
[Date "2010.03.09"]
[Round "4.31"]
[White "Nikolova, Adriana"]
[Black "Mrvova, Alena"]
[Result "1/2-1/2"]
[WhiteElo "2348"]
[BlackElo "2239"]
[PlyCount "86"]
[EventDate "2010.03.06"]
[EventType "swiss"]
[EventRounds "11"]
[EventCountry "CRO"]
[Source "lmi"]
[SourceDate "2010.03.06"]

1. e4 c5 2. Nf3 e6 3. d4 cxd4 4. Nxd4 Nf6 5. Nc3 d6 6. Bd3 Nc6 7. Nb3 Be7 8.
O-O O-O 9. Qe2 Qc7 10. f4 a6 11. Bd2 b5 12. a4 b4 13. Nd1 e5 14. Ne3 Nd4 15.
Nxd4 exd4 16. Nf5 Bxf5 17. exf5 d5 18. Rae1 Bc5 19. Qf3 Qc6 20. b3 Rfe8 21.
Rxe8+ Rxe8 22. Bc1 Ba7 23. g4 Ne4 24. Re1 h6 25. Kg2 Re7 26. h4 a5 27. Re2 Bc5
28. g5 Qd7 29. Bxe4 dxe4 30. Rxe4 Qxf5 31. Rxe7 Bxe7 32. Qe2 Bd6 33. gxh6 Bxf4
34. Bxf4 Qxf4 35. hxg7 Kxg7 36. h5 Kh6 37. Qa6+ f6 38. Qxa5 Qd2+ 39. Kg3 Qxc2
40. Qd8 Qd3+ 41. Kf2 Qe3+ 42. Kf1 Qf4+ 43. Ke2 Qe3+ 1/2-1/2

[Event "11. Europa ch 2010 Femenino"]
[Site "Rijeka CRO"]
[Date "2010.03.09"]
[Round "4.32"]
[White "Pavlidou, Ekaterini"]
[Black "Gvetadze, Sopio"]
[Result "0-1"]
[WhiteElo "2135"]
[BlackElo "2342"]
[PlyCount "74"]
[EventDate "2010.03.06"]
[EventType "swiss"]
[EventRounds "11"]
[EventCountry "CRO"]
[Source "lmi"]
[SourceDate "2010.03.06"]

1. d4 Nc6 2. e4 e5 3. d5 Nce7 4. c4 Ng6 5. Nc3 Nf6 6. g3 h5 7. h4 Bc5 8. Bg5 d6
9. Bg2 Ne7 10. f3 c6 11. Qd2 Bd7 12. Bh3 cxd5 13. cxd5 b5 14. Bxd7+ Nxd7 15.
Nge2 Qb6 16. Nd1 a5 17. Be3 f5 18. O-O O-O 19. Nec3 f4 20. gxf4 Rxf4 21. Kg2
Ng6 22. Bxf4 exf4 23. e5 Ndxe5 24. Ne4 Be3 25. Qc2 Nxh4+ 26. Kh1 Rf8 27. Nxe3
fxe3 28. Ng5 Nf5 29. Qh2 Nd3 30. Rg1 h4 31. Ne4 Rf7 32. Rg6 Qd4 33. Nxd6 Ng3+
34. Rxg3 hxg3 35. Qg2 Rf6 36. Ne4 Rh6+ 37. Kg1 Nxb2 0-1

[Event "11. Europa ch 2010 Femenino"]
[Site "Rijeka CRO"]
[Date "2010.03.09"]
[Round "4.33"]
[White "Mkrtchian, Lilit"]
[Black "Aginian, Nelly"]
[Result "1/2-1/2"]
[WhiteElo "2503"]
[BlackElo "2296"]
[PlyCount "56"]
[EventDate "2010.03.06"]
[EventType "swiss"]
[EventRounds "11"]
[EventCountry "CRO"]
[Source "lmi"]
[SourceDate "2010.03.06"]

1. Nf3 Nf6 2. e3 d5 3. b3 g6 4. Bb2 Bg7 5. c4 c6 6. h3 O-O 7. Be2 Nbd7 8. O-O
Re8 9. d4 Ne4 10. Nc3 Ndf6 11. Nxe4 Nxe4 12. Qc1 Bf5 13. c5 f6 14. b4 e5 15. a4
Bd7 16. Ra3 Qe7 17. Re1 g5 18. Nh2 f5 19. Nf3 g4 20. hxg4 fxg4 21. Nd2 Nxf2 22.
Kxf2 Qh4+ 23. Kg1 Rf8 24. dxe5 Qf2+ 25. Kh1 Qh4+ 26. Kg1 Qf2+ 27. Kh1 Qh4+ 28.
Kg1 Qf2+ 1/2-1/2

[Event "11. Europa ch 2010 Femenino"]
[Site "Rijeka CRO"]
[Date "2010.03.09"]
[Round "4.34"]
[White "Danielian, Elina"]
[Black "Calzetta Ruiz, Monica"]
[Result "1-0"]
[WhiteElo "2491"]
[BlackElo "2296"]
[PlyCount "73"]
[EventDate "2010.03.06"]
[EventType "swiss"]
[EventRounds "11"]
[EventCountry "CRO"]
[Source "lmi"]
[SourceDate "2010.03.06"]

1. Nf3 Nf6 2. g3 g6 3. Bg2 Bg7 4. O-O O-O 5. c4 d6 6. d4 a6 7. Nc3 Nc6 8. h3
Rb8 9. e4 Nd7 10. Be3 Na5 11. b3 c5 12. Rc1 Nc6 13. d5 Na7 14. Qd2 b5 15. Bh6
bxc4 16. bxc4 a5 17. Rfe1 Ba6 18. Nd1 f6 19. Bxg7 Kxg7 20. Ne3 Rb4 21. Qc3 Qb6
22. Ng5 Rb8 23. Ne6+ Kg8 24. Ng4 Nf8 25. Nxf6+ exf6 26. Qxf6 Nxe6 27. Qxe6+ Kg7
28. Qe7+ Kh8 29. e5 Rd8 30. exd6 Qxd6 31. Qxd6 Rxd6 32. Re8+ Kg7 33. Re7+ Kh6
34. Rxa7 a4 35. Re1 Bxc4 36. Ree7 Kg5 37. f4+ 1-0

[Event "11. Europa ch 2010 Femenino"]
[Site "Rijeka CRO"]
[Date "2010.03.09"]
[Round "4.35"]
[White "Vasilevich, Tatjana"]
[Black "Arabidze, Meri"]
[Result "1/2-1/2"]
[WhiteElo "2414"]
[BlackElo "2292"]
[PlyCount "69"]
[EventDate "2010.03.06"]
[EventType "swiss"]
[EventRounds "11"]
[EventCountry "CRO"]
[Source "lmi"]
[SourceDate "2010.03.06"]

1. d4 Nf6 2. c4 e6 3. g3 d5 4. Nf3 Bb4+ 5. Bd2 Be7 6. Bg2 O-O 7. O-O c6 8. Qc2
b6 9. b3 Ba6 10. Bf4 Nbd7 11. Rd1 Rc8 12. Nc3 Qe8 13. e4 dxc4 14. Bh3 Bb4 15.
Nd2 c5 16. Bd6 cxd4 17. Bxb4 dxc3 18. Bxf8 cxd2 19. Bb4 cxb3 20. Qxb3 Nxe4 21.
Qe3 f5 22. f3 Nef6 23. Qxd2 Ne5 24. Bg2 Nd5 25. a3 Nc4 26. Qe2 Bb7 27. Re1 Kf7
28. Rac1 b5 29. f4 a5 30. Bc3 Qd7 31. Ba1 a4 32. h3 Bc6 33. Kh2 Bb7 34. Qh5+
Kg8 35. Re2 1/2-1/2

[Event "11. Europa ch 2010 Femenino"]
[Site "Rijeka CRO"]
[Date "2010.03.09"]
[Round "4.36"]
[White "Lomineishvili, Maia"]
[Black "Sandu, Mihaela"]
[Result "1/2-1/2"]
[WhiteElo "2385"]
[BlackElo "2278"]
[PlyCount "111"]
[EventDate "2010.03.06"]
[EventType "swiss"]
[EventRounds "11"]
[EventCountry "CRO"]
[Source "lmi"]
[SourceDate "2010.03.06"]

1. Nf3 Nf6 2. d4 g6 3. c4 Bg7 4. Nc3 d6 5. e4 O-O 6. Be2 e5 7. O-O Nc6 8. d5
Ne7 9. Ne1 Nd7 10. Nd3 f5 11. f3 f4 12. Bd2 g5 13. Rc1 Rf6 14. c5 Nxc5 15. Nxc5
dxc5 16. Na4 b6 17. b4 Rh6 18. Rf2 Qe8 19. h3 Bd7 20. Nb2 Ng6 21. bxc5 Nh4 22.
Bf1 Rg6 23. Qb3 Kh8 24. Be1 h5 25. Rfc2 Bf6 26. c6 Bc8 27. d6 cxd6 28. Bxh4
gxh4 29. c7 Bxh3 30. Qd5 Rc8 31. Qxd6 Qg8 32. Nd3 Qg7 33. Kh2 Rg8 34. gxh3 Rg1
35. Qxf6 Qxf6 36. c8=Q Qg5 37. Qxg8+ Kxg8 38. Rg2 Rxg2+ 39. Bxg2 Qe7 40. Rc6
Kg7 41. a4 Kh7 42. Rc4 Qg7 43. Kh1 a6 44. Rc3 Qd7 45. Nxe5 Qd4 46. Rc7+ Kg8 47.
Ng6 Qd1+ 48. Kh2 Qe1 49. Ne7+ Kh8 50. Nf5 b5 51. axb5 axb5 52. Rc8+ Kh7 53.
Rc7+ Kh8 54. Rc8+ Kh7 55. Rc7+ Kh8 56. Rc8+ 1/2-1/2

[Event "11. Europa ch 2010 Femenino"]
[Site "Rijeka CRO"]
[Date "2010.03.09"]
[Round "4.37"]
[White "Dolzhikova, Kateryna"]
[Black "Molchanova, Tatjana"]
[Result "1/2-1/2"]
[WhiteElo "2290"]
[BlackElo "2369"]
[PlyCount "130"]
[EventDate "2010.03.06"]
[EventType "swiss"]
[EventRounds "11"]
[EventCountry "CRO"]
[Source "lmi"]
[SourceDate "2010.03.06"]

1. e4 c6 2. d4 d5 3. Nd2 dxe4 4. Nxe4 Bf5 5. Ng3 Bg6 6. Nh3 Nf6 7. Nf4 e5 8.
Nxg6 hxg6 9. dxe5 Qa5+ 10. Bd2 Qxe5+ 11. Qe2 Nbd7 12. Qxe5+ Nxe5 13. Bc3 Bd6
14. O-O-O Nd5 15. Bd4 f6 16. c4 Ne7 17. Ne4 Bb8 18. f4 Ng4 19. g3 Nf5 20. Be2
Nge3 21. Rd2 Nxd4 22. Rxd4 Nf5 23. Rd3 Bc7 24. Kb1 Rd8 25. Rxd8+ Kxd8 26. Nc5
Kc8 27. Bg4 Re8 28. Kc2 Bd6 29. Nb3 Kc7 30. Bxf5 gxf5 31. Kd3 b6 32. Nd4 g6 33.
h4 Bc5 34. Nc2 a5 35. Rh2 b5 36. cxb5 cxb5 37. h5 Rd8+ 38. Ke2 Rh8 39. h6 Rh7
40. Kf3 Kd7 41. g4 fxg4+ 42. Kxg4 Ke6 43. Na3 f5+ 44. Kf3 Bxa3 45. bxa3 Kf6 46.
Rb2 Rxh6 47. Kg3 Rh7 48. Rxb5 Ra7 49. Rb6+ Kg7 50. Kh4 Kh6 51. Rb5 Rc7 52. Rxa5
Rc3 53. Ra4 Rf3 54. Rd4 Rxa3 55. Rd2 Ra4 56. Kg3 Ra3+ 57. Kh4 Kg7 58. Rb2 Kf6
59. Rb6+ Kf7 60. Rb7+ Ke6 61. Rb6+ Kd5 62. Kg5 Rg3+ 63. Kf6 Rg4 64. Rb4 g5 65.
Kxf5 Rxf4+ 1/2-1/2

[Event "11. Europa ch 2010 Femenino"]
[Site "Rijeka CRO"]
[Date "2010.03.09"]
[Round "4.38"]
[White "Girya, Olga"]
[Black "Guramishvili, Sopiko"]
[Result "0-1"]
[WhiteElo "2362"]
[BlackElo "2266"]
[PlyCount "100"]
[EventDate "2010.03.06"]
[EventType "swiss"]
[EventRounds "11"]
[EventCountry "CRO"]
[Source "lmi"]
[SourceDate "2010.03.06"]

1. d4 Nf6 2. Nf3 d5 3. c4 e6 4. Nc3 Bb4 5. cxd5 exd5 6. Bg5 O-O 7. e3 c5 8. Bd3
c4 9. Bc2 Nbd7 10. O-O Qa5 11. Ne2 Re8 12. a3 Bd6 13. Bf4 Bxf4 14. Nxf4 b5 15.
Re1 Bb7 16. Nd2 Rad8 17. f3 Qc7 18. Nf1 a5 19. Qd2 Nf8 20. g4 Qb6 21. Ng3 b4
22. axb4 axb4 23. g5 N6d7 24. Nf5 b3 25. Bb1 Ne6 26. Nxe6 fxe6 27. Ng3 e5 28.
Bf5 Nb8 29. dxe5 Rxe5 30. f4 Ree8 31. Rad1 Nc6 32. Qc3 Ba6 33. Bg4 d4 34. exd4
Rxe1+ 35. Qxe1 Nxd4 36. Qf2 g6 37. h4 Bc8 38. f5 Bxf5 39. Nxf5 gxf5 40. Bh5 Qc5
41. Rc1 Rc8 42. Rc3 Nb5 43. Re3 Nd6 44. Kg2 c3 45. Qe1 cxb2 46. Re2 Qc1 47. Qa5
Qc6+ 48. Bf3 Qxf3+ 49. Kxf3 b1=Q 50. Qd5+ Nf7 0-1

[Event "11. Europa ch 2010 Femenino"]
[Site "Rijeka CRO"]
[Date "2010.03.09"]
[Round "4.39"]
[White "Tarasova, Viktoriya"]
[Black "Dworakowska, Joanna"]
[Result "1/2-1/2"]
[WhiteElo "2261"]
[BlackElo "2356"]
[PlyCount "70"]
[EventDate "2010.03.06"]
[EventType "swiss"]
[EventRounds "11"]
[EventCountry "CRO"]
[Source "lmi"]
[SourceDate "2010.03.06"]

1. d4 g6 2. e4 Bg7 3. Nc3 c6 4. a4 d5 5. e5 f6 6. exf6 exf6 7. a5 Nh6 8. Be2
O-O 9. Nf3 Nf7 10. O-O Nd7 11. Re1 Re8 12. Bf1 Rxe1 13. Qxe1 Nf8 14. h3 Ne6 15.
Ne2 Qe7 16. h4 Bd7 17. Bd2 Qe8 18. Qc1 Nd6 19. Nf4 Ne4 20. Nxe6 Bxe6 21. Bf4
Qd8 22. c3 Nd6 23. Nd2 Nf5 24. Nf3 Bf8 25. Bd3 Nd6 26. Qc2 Ne4 27. c4 Bb4 28.
Qb3 Bxa5 29. Qxb7 Qb6 30. Qxb6 axb6 31. Rc1 Kf8 32. cxd5 Bxd5 33. Bc4 Bb4 34.
Bxd5 cxd5 35. Rc7 Re8 1/2-1/2

[Event "11. Europa ch 2010 Femenino"]
[Site "Rijeka CRO"]
[Date "2010.03.09"]
[Round "4.40"]
[White "Sikorova, Olga"]
[Black "Kachiani Gersinska, Ketino"]
[Result "1-0"]
[WhiteElo "2256"]
[BlackElo "2346"]
[PlyCount "122"]
[EventDate "2010.03.06"]
[EventType "swiss"]
[EventRounds "11"]
[EventCountry "CRO"]
[Source "lmi"]
[SourceDate "2010.03.06"]

1. e4 e5 2. Bc4 Nf6 3. d3 c6 4. Nf3 d5 5. Bb3 Bb4+ 6. Bd2 Bxd2+ 7. Nbxd2 Nbd7
8. O-O Qc7 9. Re1 O-O 10. d4 exd4 11. exd5 cxd5 12. Nxd4 Nc5 13. Nf1 Bg4 14. f3
Bd7 15. c3 Qb6 16. Ne3 Bc6 17. Qd2 Rfe8 18. Kh1 Kf8 19. Nef5 Rxe1+ 20. Rxe1 Re8
21. Rxe8+ Nxe8 22. Qe3 Nxb3 23. Qe7+ Kg8 24. axb3 h6 25. h3 a6 26. Qe5 Kh7 27.
Ne7 Bd7 28. Qxd5 Be6 29. Qe4+ Kh8 30. Nxe6 Qxe6 31. Qxe6 fxe6 32. Ng6+ Kg8 33.
Ne5 Kf8 34. Kg1 Ke7 35. Kf2 Kd6 36. f4 Nf6 37. Kf3 Kc5 38. Nd3+ Kd5 39. Ke3 a5
40. c4+ Kc6 41. Kd4 Kd6 42. b4 axb4 43. Nxb4 Nh5 44. c5+ Kd7 45. Nd3 Ng3 46. b4
Nf5+ 47. Ke5 Ne3 48. g4 Nc4+ 49. Kd4 Na3 50. Ne5+ Ke7 51. Kc3 g5 52. fxg5 hxg5
53. Nc4 Nb5+ 54. Kd3 Nc7 55. Nd6 b5 56. cxb6 Nd5 57. Ne4 Nxb6 58. Nxg5 Kf6 59.
Nf3 e5 60. h4 Nd5 61. g5+ Kf5 1-0

[Event "11. Europa ch 2010 Femenino"]
[Site "Rijeka CRO"]
[Date "2010.03.09"]
[Round "4.42"]
[White "Brunello, Marina"]
[Black "Charkhalashvili, Inga"]
[Result "0-1"]
[WhiteElo "2217"]
[BlackElo "2338"]
[PlyCount "62"]
[EventDate "2010.03.06"]
[EventType "swiss"]
[EventRounds "11"]
[EventCountry "CRO"]
[Source "lmi"]
[SourceDate "2010.03.06"]

1. e4 c6 2. d4 d5 3. e5 Bf5 4. Nf3 e6 5. Be2 Ne7 6. Nbd2 Bg6 7. Nb3 Nd7 8. O-O
Nf5 9. Be3 Be7 10. Qd2 O-O 11. a4 Rc8 12. Rfc1 c5 13. dxc5 Nxe3 14. Qxe3 Nxc5
15. Nbd4 a6 16. b3 Qd7 17. Rd1 Rfd8 18. Nd2 Ne4 19. Nxe4 Bxe4 20. Qh3 Bc5 21.
c3 Bxd4 22. cxd4 Rc2 23. Qe3 Rdc8 24. Rac1 Qc7 25. Rxc2 Qxc2 26. Re1 Rc3 27.
Qg5 h6 28. Qd8+ Kh7 29. Bh5 Qd2 30. Rf1 Rc1 31. g3 Bd3 0-1

[Event "11. Europa ch 2010 Femenino"]
[Site "Rijeka CRO"]
[Date "2010.03.09"]
[Round "4.43"]
[White "Solic, Kristina"]
[Black "Paikidze, Nazi"]
[Result "0-1"]
[WhiteElo "2192"]
[BlackElo "2322"]
[PlyCount "66"]
[EventDate "2010.03.06"]
[EventType "swiss"]
[EventRounds "11"]
[EventCountry "CRO"]
[Source "lmi"]
[SourceDate "2010.03.06"]

1. e4 c5 2. Nf3 d6 3. d4 cxd4 4. Nxd4 Nf6 5. Nc3 Nc6 6. Bc4 e6 7. Be3 Be7 8.
Qe2 O-O 9. O-O-O a6 10. Bb3 Qe8 11. f4 Bd7 12. f5 Nxd4 13. Bxd4 exf5 14. exf5
Bxf5 15. Rde1 Bd8 16. Qf2 Qd7 17. Rhf1 Bg6 18. Kb1 Ng4 19. Qf4 Ne5 20. Nd5 Kh8
21. h4 f5 22. Ne3 Ba5 23. Rd1 Bh5 24. Bxe5 Bxd1 25. Bxd6 Be2 26. Rf2 Rfd8 27.
Nxf5 Bc7 28. Rxe2 Bxd6 29. Qf1 Bc5 30. Re1 a5 31. h5 a4 32. Bc4 Qd2 33. Ne7 Qb4
0-1

[Event "11. Europa ch 2010 Femenino"]
[Site "Rijeka CRO"]
[Date "2010.03.09"]
[Round "4.44"]
[White "Zimina, Olga"]
[Black "Przezdziecka, Marta"]
[Result "1-0"]
[WhiteElo "2319"]
[BlackElo "2254"]
[PlyCount "80"]
[EventDate "2010.03.06"]
[EventType "swiss"]
[EventRounds "11"]
[EventCountry "CRO"]
[Source "lmi"]
[SourceDate "2010.03.06"]

1. e4 g6 2. d4 Bg7 3. Nf3 d6 4. h3 Nd7 5. Bc4 e6 6. a4 a6 7. a5 Ne7 8. Qe2 O-O
9. e5 h6 10. h4 dxe5 11. dxe5 c5 12. h5 g5 13. Bxg5 hxg5 14. h6 Ng6 15. hxg7
Kxg7 16. Nbd2 g4 17. Nh2 Rh8 18. O-O-O Ndxe5 19. Nxg4 Nc6 20. Rxh8 Qxh8 21. Nb3
Qh4 22. Kb1 e5 23. Ne3 Nd4 24. Qd2 Nf5 25. g3 Qh8 26. Qd5 Qf8 27. Nxc5 Nxe3 28.
fxe3 Bh3 29. Rh1 Rc8 30. Rxh3 Rxc5 31. Qd3 Rxa5 32. Qf5 Rc5 33. Bxf7 Qxf7 34.
Rh7+ Kxh7 35. Qxf7+ Kh6 36. Qxb7 a5 37. g4 a4 38. Qb4 Rd5 39. Qxa4 Kg5 40. Qc4
Rd7 1-0

[Event "11. Europa ch 2010 Femenino"]
[Site "Rijeka CRO"]
[Date "2010.03.09"]
[Round "4.46"]
[White "Kouvatsou, Maria"]
[Black "Borosova, Zuzana"]
[Result "1-0"]
[WhiteElo "2161"]
[BlackElo "2307"]
[PlyCount "81"]
[EventDate "2010.03.06"]
[EventType "swiss"]
[EventRounds "11"]
[EventCountry "CRO"]
[Source "lmi"]
[SourceDate "2010.03.06"]

1. e4 e6 2. d4 d5 3. exd5 exd5 4. c4 Nf6 5. Nc3 Bb4 6. Bd3 O-O 7. Nge2 dxc4 8.
Bxc4 Nc6 9. O-O Bf5 10. Bg5 h6 11. Bh4 Be7 12. a3 a6 13. b4 Qd7 14. f3 Nd5 15.
Bf2 Nxc3 16. Nxc3 Rad8 17. d5 Ne5 18. Be2 c6 19. Bd4 f6 20. f4 Nf7 21. Bf3 cxd5
22. Nxd5 Be6 23. Nxe7+ Qxe7 24. Bc5 Qc7 25. Qe1 Rfe8 26. Qf2 Rd7 27. Rad1 b5
28. g3 Nd6 29. Rfe1 Nc4 30. Bd5 Rxd5 31. Rxd5 Qc6 32. Rdd1 Bh3 33. Rxe8+ Qxe8
34. Qf3 f5 35. Kf2 Kh7 36. Qd5 Bg4 37. Re1 Qh5 38. h4 Nxa3 39. Bf8 Qg6 40. Re7
Qb6+ 41. Kg2 1-0

[Event "11. Europa ch 2010 Femenino"]
[Site "Rijeka CRO"]
[Date "2010.03.09"]
[Round "4.48"]
[White "Berend, Elvira"]
[Black "Butuc, Maria"]
[Result "1-0"]
[WhiteElo "2299"]
[BlackElo "2194"]
[PlyCount "75"]
[EventDate "2010.03.06"]
[EventType "swiss"]
[EventRounds "11"]
[EventCountry "CRO"]
[Source "lmi"]
[SourceDate "2010.03.06"]

1. e4 c6 2. c4 d5 3. exd5 cxd5 4. cxd5 Nf6 5. Nc3 Nxd5 6. Nf3 Nc6 7. Bb5 e6 8.
O-O Be7 9. d4 O-O 10. Re1 a6 11. Bd3 Nf6 12. Bg5 Nd5 13. Bxe7 Ncxe7 14. Rc1 Bd7
15. Ne5 Bc6 16. Qh5 g6 17. Qh6 Rc8 18. Ne2 Qb6 19. Ng3 Nf5 20. Bxf5 exf5 21.
Rcd1 Qd8 22. Qd2 Qf6 23. Rc1 Rfd8 24. Nxc6 Rxc6 25. Rxc6 Qxc6 26. Nxf5 Qf6 27.
Ng3 Nf4 28. Ne4 Qf5 29. f3 Ne6 30. d5 Qe5 31. Nc3 Qd6 32. Qe3 Nc7 33. Rd1 Re8
34. Ne4 Qe5 35. d6 Rd8 36. Qc5 Qxc5+ 37. Nxc5 b6 38. dxc7 1-0

[Event "11. Europa ch 2010 Femenino"]
[Site "Rijeka CRO"]
[Date "2010.03.09"]
[Round "4.49"]
[White "Khotenashvili, Bela"]
[Black "Sargac, Rajna"]
[Result "1-0"]
[WhiteElo "2448"]
[BlackElo "2157"]
[PlyCount "69"]
[EventDate "2010.03.06"]
[EventType "swiss"]
[EventRounds "11"]
[EventCountry "CRO"]
[Source "lmi"]
[SourceDate "2010.03.06"]

1. d4 e6 2. c4 f5 3. g3 Nf6 4. Bg2 c6 5. Nh3 d6 6. O-O Be7 7. Nc3 O-O 8. b4 d5
9. b5 cxb5 10. cxd5 b4 11. Na4 Nxd5 12. Qc2 Nd7 13. e4 fxe4 14. Qxe4 N7f6 15.
Qd3 b6 16. Ng5 Bd7 17. Nb2 h6 18. Nf3 Nc3 19. Bh3 Nfd5 20. Ne5 Bf6 21. Nbc4 b5
22. Nd6 Qc7 23. Re1 Qxd6 24. Nxd7 Rfe8 25. Nxf6+ Nxf6 26. Bxh6 Qd7 27. Bg5 Nfd5
28. Re5 Rac8 29. Qg6 Rc6 30. Bf5 Qf7 31. Qh7+ Kf8 32. Bg6 Nf6 33. Bxf6 Qg8 34.
Qxg8+ Kxg8 35. Bxe8 1-0

[Event "11. Europa ch 2010 Femenino"]
[Site "Rijeka CRO"]
[Date "2010.03.09"]
[Round "4.50"]
[White "Severiukhina, Zoja"]
[Black "Fuchs, Judith"]
[Result "0-1"]
[WhiteElo "2355"]
[BlackElo "2222"]
[PlyCount "80"]
[EventDate "2010.03.06"]
[EventType "swiss"]
[EventRounds "11"]
[EventCountry "CRO"]
[Source "lmi"]
[SourceDate "2010.03.06"]

1. e4 c5 2. Nf3 Nc6 3. d4 cxd4 4. Nxd4 Nf6 5. Nc3 d6 6. Bg5 Qb6 7. Nb3 e6 8.
Bf4 Ne5 9. Be3 Qd8 10. f4 Nc6 11. Qf3 a6 12. O-O-O Qc7 13. g4 Be7 14. g5 Nd7
15. h4 b5 16. h5 Bb7 17. Kb1 O-O-O 18. Qf2 Kb8 19. Bxb5 axb5 20. Nxb5 Qc8 21.
Ba7+ Ka8 22. Bb6 Nxb6 23. Qxb6 Rd7 24. Rh3 Qd8 25. Qg1 Ba6 26. N5d4 Qb6 27.
Nxc6 Qxc6 28. Rc3 Qb7 29. Qd4 e5 30. fxe5 Rb8 31. Rg3 g6 32. hxg6 hxg6 33. c4
Rdd8 34. e6 fxe6 35. Nd2 Rdc8 36. b3 Rc5 37. Rdg1 Qb4 38. Kc2 Ra5 39. a4 d5 40.
Qc3 dxc4 0-1

[Event "11. Europa ch 2010 Femenino"]
[Site "Rijeka CRO"]
[Date "2010.03.09"]
[Round "4.51"]
[White "Cherednichenko, Svetlana"]
[Black "Shaidullina, Sandugach"]
[Result "1/2-1/2"]
[WhiteElo "2337"]
[BlackElo "2218"]
[PlyCount "120"]
[EventDate "2010.03.06"]
[EventType "swiss"]
[EventRounds "11"]
[EventCountry "CRO"]
[Source "lmi"]
[SourceDate "2010.03.06"]

1. d4 d5 2. Nf3 c6 3. c4 Nf6 4. e3 Bg4 5. Qb3 Qb6 6. Nc3 Bxf3 7. gxf3 e6 8. Bd2
Nbd7 9. O-O-O O-O-O 10. Kb1 Qxb3 11. axb3 Kb8 12. e4 dxe4 13. fxe4 e5 14. Bh3
Bd6 15. dxe5 Bxe5 16. Be3 Rhe8 17. f3 Nf8 18. Ne2 Rxd1+ 19. Rxd1 Bxh2 20. Nd4
g6 21. Bg5 Nh5 22. Bg4 Bf4 23. Bh4 Ng7 24. Bf6 Nge6 25. Nxe6 fxe6 26. e5 h5 27.
Bh3 Nh7 28. Rd7 Ng5 29. Bg2 h4 30. Rd4 h3 31. Bh1 Be3 32. Rd3 Bf4 33. Rd4 Be3
34. Rd3 Bf4 35. Rd4 Be3 36. Rd3 Bf4 37. Rd4 Be3 38. Rh4 Nf7 39. f4 g5 40. Rh7
g4 41. Rxf7 Rg8 42. Rh7 Bxf4 43. b4 g3 44. Rxh3 g2 45. Bxg2 Rxg2 46. Rh8+ Kc7
47. Re8 Be3 48. Re7+ Kc8 49. Re8+ Kc7 50. Re7+ Kc8 51. Re8+ Kc7 52. Rxe6 Bd4
53. Rd6 Bxb2 54. c5 Re2 55. Bd8+ Kc8 56. Ba5 b6 57. cxb6 axb6 58. Rxc6+ Kd7 59.
Rd6+ Ke7 60. Rxb6 Bxe5 1/2-1/2